<?xml version="1.0" encoding="UTF-8"?>
<record
    xmlns:xsi="http://www.w3.org/2001/XMLSchema-instance"
    xsi:schemaLocation="http://www.loc.gov/MARC21/slim http://www.loc.gov/standards/marcxml/schema/MARC21slim.xsd"
    xmlns="http://www.loc.gov/MARC21/slim">

  <leader>00970nam a22001817a 4500</leader>
  <controlfield tag="003">CUTN</controlfield>
  <controlfield tag="005">20180622165236.0</controlfield>
  <controlfield tag="008">180622b        xxu||||| |||| 00| 0 eng d</controlfield>
  <datafield tag="020" ind1=" " ind2=" ">
    <subfield code="a">9788130933818</subfield>
  </datafield>
  <datafield tag="041" ind1=" " ind2=" ">
    <subfield code="a">English</subfield>
  </datafield>
  <datafield tag="082" ind1=" " ind2=" ">
    <subfield code="a">550</subfield>
    <subfield code="b">CUL</subfield>
  </datafield>
  <datafield tag="100" ind1=" " ind2=" ">
    <subfield code="a">Cullen, Katherine</subfield>
  </datafield>
  <datafield tag="245" ind1=" " ind2=" ">
    <subfield code="a">Pioneers In Science Earth Science: The people Behind the Science</subfield>
  </datafield>
  <datafield tag="260" ind1=" " ind2=" ">
    <subfield code="a">New Delhi</subfield>
    <subfield code="b">Viva Books</subfield>
    <subfield code="c">2017</subfield>
  </datafield>
  <datafield tag="300" ind1=" " ind2=" ">
    <subfield code="a">xv,170 p.</subfield>
  </datafield>
  <datafield tag="505" ind1=" " ind2=" ">
    <subfield code="a">Chapters</subfield>
    <subfield code="t">The Forefather of Geology and the father of Mineralogy</subfield>
    <subfield code="t">The Law of superposition of Rock of Layers and the principles of original Horizontality and lateral Extension</subfield>
    <subfield code="t">Uniformitarianism as the central principle of Historical Geology</subfield>
    <subfield code="t">Unification of the Natural Sciences </subfield>
    <subfield code="t">The Reality of Extinction of past life forms</subfield>
    <subfield code="t">Creation of the Worlds first Geological Map</subfield>
    <subfield code="t">The Gradual Nature of Earths Processes</subfield>
    <subfield code="t">The Theory of Continental Drift</subfield>
    <subfield code="t">Estimation of the Earths Age</subfield>
    <subfield code="t">Theory of Punctuated Equilibrium </subfield>
  </datafield>
  <datafield tag="942" ind1=" " ind2=" ">
    <subfield code="2">ddc</subfield>
    <subfield code="c">BOOKS</subfield>
  </datafield>
  <datafield tag="999" ind1=" " ind2=" ">
    <subfield code="c">25206</subfield>
    <subfield code="d">25206</subfield>
  </datafield>
  <datafield tag="952" ind1=" " ind2=" ">
    <subfield code="0">0</subfield>
    <subfield code="1">0</subfield>
    <subfield code="2">ddc</subfield>
    <subfield code="4">0</subfield>
    <subfield code="7">0</subfield>
    <subfield code="8">NFIC</subfield>
    <subfield code="a">CUTN</subfield>
    <subfield code="b">CUTN</subfield>
    <subfield code="c">500</subfield>
    <subfield code="d">2018-06-22</subfield>
    <subfield code="l">1</subfield>
    <subfield code="o">550 CUL</subfield>
    <subfield code="p">32398</subfield>
    <subfield code="r">2021-11-03 00:00:00</subfield>
    <subfield code="s">2021-09-20</subfield>
    <subfield code="t">1</subfield>
    <subfield code="w">2018-06-22</subfield>
    <subfield code="y">BOOKS</subfield>
  </datafield>
</record>
